=LDR 00000nam 2200000 4500 =001 INLIS000000000039460 =005 20200213095903 =035 ##$$a 0010-061300000039460 =008 200213################g##########0#ind## =041 ##$$a Ind =082 ##$$a 133.83 =090 ##$$a 133.83, les m =100 ##$$a Lestari, Dewi =245 1#$$a Menyibak misteri aura tubuh manusia /$c Dewi Lestari, S.Psi. =260 ##$$a Yogyakarta :$b Tugu Publisher,$c 2011 =300 ##$$a 159 hlm. ; $c 14 x 20 cm. =650 #4$$a Telepati =850 ##$$a NBPNMAT =020 ##$$a 979-3191-52-X =084 ##$$a 133.83 LES m =990 ##$$a 21104899 =990 ##$$a 21104904 =990 ##$$a 21104902 =990 ##$$a 21104901 =990 ##$$a 21104903